000 01209nmm a2200361 a 4500
001 ocm000964880
003 TR-IsHL
005 20201028150608.0
008 150110s2013 tu tur
007 cr cn
020 _a9786055315474
035 _a964880
_b(N$T)
050 0 4 _aHX273
_b.M3719 2013
090 0 4 _aHX273
_b.M3719 2013
100 1 _aMarx, Karl
245 1 0 _aAlman ideolojisi
_h[electronic resource] /
_cKarl Marx ; Friedrich Engels ; çevirenler Tonguç Ok, Olcay Geridönmez
250 _a2. basım
260 _aİstanbul :
_bEvrensel Basım Yayın,
_c2013
300 _a601 p.
500 _aÖzgün yapıt adı: Die deutsche ideologie.
_xDizin var.
_x
650 4 _aPolitika ve Uluslararası İlişkiler
650 4 _aPolitics and International Relations
650 0 _aFeuerbach, Ludwig,1804-1872
650 0 _aDiyalektik materyalizm
650 0 _aDialectical materialism
650 0 _aSosyalizm
650 0 _aSocialism
650 7 _aPHILOSOPHY / General
_2bisacsh
700 1 _aEngels, Friedrich
700 1 _aOk, Tonguç
700 1 _aGeridönmez, Olcay
856 4 0 _uhttp://search.ebscohost.com/login.aspx?direct=true&scope=site&db=e011xww&AN=964880
999 _c10559
_d10559